| 000 | 04853nam a22002897a 4500 | ||
|---|---|---|---|
| 003 | NALT | ||
| 005 | 20250818140346.0 | ||
| 008 | 231127b th ||||| |||| 00| 0 tha d | ||
| 020 | _a9789749920824 | ||
| 040 | _aNALT | ||
| 090 |
_aKS 14 _bน435ร 2552 |
||
| 100 | 0 |
_aนัยนา เกิดวิชัย. _939463 |
|
| 245 | 1 | 0 |
_aรวมพระราชบัญญัติที่มีโทษทางอาญา 30 พระราชบัญญัติ เล่ม 2 / _cนัยนา เกิดวิชัย. |
| 250 | _aพิมพ์ครั้งที่ 2. | ||
| 260 |
_aกรุงเทพฯ : _bนิตินัย, _c2552. |
||
| 300 |
_a718 หน้า : _bตาราง ; _c26 ซม. |
||
| 505 | 0 | _a1. พระราชบัญญัติควบคุมอาหาร พ.ศ. 2522 -- 2. พระราชบัญญัติคนเข้าเมือง พ.ศ. 2522 -- 3. พระราชบัญญัติการทำงานของคนต่างด้าว พ.ศ. 2521 -- 4. พระราชบัญญัติการลงทะเบียนคนต่างด้าว พ.ศ. 2493 -- 5. พระราชบัญญัติกราประกอบธุระกิจของคนต่างด้าว พ.ศ. 2542 -- 6. พระราชบัญญัติคุมครองแรงงาน พ.ศ. 2541 -- 7. พระราชบัญญัติจัดหางานและคุ้มครองคนงาน พ.ศ. 2528 -- 8. พระราชบัญญัติการผลิตผลิตภัณฑ์ซีดี พ.ศ. 2548 -- 9. พระราชบัญญัติขายตรงและตลาดแบบตรง พ.ศ. 2545 -- 10. พระราชบัญญัติว่าด้วยความผิดเกี่ยวกับการเสนอราคาต่อหน่วยงานของรัฐ พ.ศ. 2542 -- 11. พระราชบัญญัติการปะกอบกิจการโทรคมนาคม พ.ศ. 2544 -- 12. พระราชบัญญัติการประกอบกิจการกระจายเสียงและกิจการโทรทัศน์ พ.ศ. 2551 -- 13. พระราชบัญญัติการบัญชี พ.ศ. 2543 -- 14. พระราชบัญญัติการประกอบโรคศิลปะ พ.ศ. 2542 -- 15. พระราชบัญญัติธุระกิจนำเที่ยวและมัคคุเทศก์ พ.ศ. 2535 -- 16. พระราชบัญญัติรับราชการทหาร พ.ศ. 2497 -- 17. พระราชบัญญัติควบคุมเครื่องดื่มแอลกอฮอล์ พ.ศ. 2551 -- 18. พระราชบัญญัติคุ้มครองสุขภาพของผู้ไม่สูบบุหรี่ พ.ศ. 2535 -- 19. พระราชบัญญัติโรคระบาดสัตว์ พ.ศ. 2499 -- 20. พระราชบัญญัติคุ้มคุมการฆ่าสัตว์และจำหน่ายเนื้อสัตว์ พ.ศ. 2535 -- 21. พระราชบัญญัติป่าไม้ พุทธศักราช 2484 -- 22. พระราชบัญญัติป่าสงวนแห่งชาติ พ.ศ. 2507 -- 23. พระราชบัญญัติสวนป่า พ.ศ. 2535 -- 24. พระราชบัญญัติอุทยานแห่งชาติ พ.ศ. 2504 -- 25. พระราชบัญญัติสงวนและคุ้มครองสัตว์ป่า พ.ศ. 2535 -- 26. ส่งเสริมและรักษาคุณภาพสิ่งแวดล้อมแห่งชาติ พ.ศ. 2535 -- 27. พระราชบัญญัติการประมง พ.ศ. 2490 -- 28. พระราชบัญญัติเลื่อยโซยนต์ พ.ศ. 2545 -- 29. พระราชบัญญัติควบคุมน้ำมันเชื้อเพลิง พ.ศ. 2542 -- 30. พระราชบัญญัติการค้าน้ำมันเชื้อเพลิง พ.ศ. 2543. | |
| 650 | 4 |
_910284 _aความผิดทางอาญา |
|
| 650 | 4 |
_94701 _aกฎหมาย _zไทย |
|
| 650 | 0 |
_aกฎหมายอาญา _949366 |
|
| 850 | _aNALT | ||
| 942 |
_cLB _2local |
||
| 996 |
_achunbijaya.r _bCATSTF _c2023-11-27 |
||
| 996 |
_asaiphon.d _bCATSTF _c2023-11-29 |
||
| 999 |
_c103891 _d103891 |
||
| 998 |
_j1020 _k นางจำเรียง ระวังสำโรง |
||